000 00344nam a2200145Ia 4500
008 150201s2004 xx 000 0 und d
082 _a617.6342
_bE2004S
100 _aSTOCK,C.
245 _aENDODONTICS
250 _a1ST
260 _bMOSBY
_aDELHI
_c2004
300 _a1-324
650 _aPREVENTIVE AND COMMUNITY DENTISTRY
942 _2ddc
_cBK
999 _c3471
_d3471